慶應義塾大学(25卒 就職先ランキング) - Statistics

General Stats
  • This quiz has been taken 13 times
  • The average score is 9 of 20
Answer Stats
# 企業 人数 % Correct
3 三菱UFJ銀行 95
90%
11 三菱UFJ信託銀行 61
90%
9 三井住友銀行 65
80%
10 三井住友信託銀行 62
80%
1 アクセンチュア 101
60%
14 みずほ銀行 55
60%
6 NTTデータグループ 72
50%
17 NTTドコモ 45
50%
4 ベイカレント 80
40%
5 デロイトトーマツファイナンシャルアドバイザリー 78
40%
17 デロイトトーマツコンサルティング 45
40%
11 アビームコンサルティング 61
30%
15 野村證券 53
30%
2 慶應義塾大学 97
20%
13 東京海上日動火災保険 56
20%
16 野村総合研究所 47
20%
6 EYストラテジー・アンド・コンサルティング 72
20%
20 EY新日本有限責任監査法人 41
20%
8 日本IBM 66
20%
19 PwCコンサルティング 43
20%
No matching quizzes found
Score Distribution
Percent of People with Each Score
Percentile by Number Answered
Your Score History
You have not taken this quiz